000
00243nam a22001097a 4500
040
_c
SCME
100
_a
Spier
_9
122688
245
_a
Encyclopedia of cell technology
260
_a
New York
_b
Wiley
_c
2000
300
_a
1248p.
942
_2
ddc
_c
ENC
999
_c
609142
_d
609142